00761nam a2200205 a 450000100100000000500170001000800410002704000250006808200220009310000460011524501270016125000120028826000530030030000210035349000460037450000210042050400330044170000350047483000460050900000890120250307073708.0090921s1954 mx r 001 0 spa d aDO-SdBNPbspacBNPHU axxxxbH519c, 19541 aHenríquez Ureña, Pedro,d1884-1946 14aLas corrientes literarias en la América Hispánica /cPedro Henríquez Ureña ; traducción Joaquín Díaz Canedo. a2a. ed. aMéxico :bFondo de Cultura Económica,c1954. a340 p. ;c22 cm.1 aLiteratura moderna pensamiento y acción aIncluye índice aBibliografía : p. 275 -2991 aDíaz Canedo, Joaquín,etr. 0aLiteratura moderna pensamiento y acción